| 000 | 01567nam0a22002531 4500 | ||
|---|---|---|---|
| 001 | rc\3450066 | ||
| 005 | 20260327140028.0 | ||
| 035 | _a(NLR Aleph) 007880572 | ||
| 090 |
_a7915296 _c7915296 |
||
| 100 | _a20130115d1969 u y0rusy50 ca | ||
| 101 | 0 | _arus | |
| 102 | _aRU | ||
| 105 | _aa z ||||| | ||
| 200 | 1 |
_aМатериалы всесоюзной конференции "Основные направления развития научно-технической информации в легкой промышленности". 13-16 декабря 1968 г. _fМ-во легкой пром-сти СССР. Центр. науч.-исслед. ин-т информации и техн.-экон. исследований легкой пром-сти |
|
| 210 |
_aМосква _cБ. и. _d1969 |
||
| 215 |
_a207 с., 4 л. схем. _cил. _d21 |
||
| 532 | 1 | 3 | _aМатериалы всесоюзной конференции Основные направления развития научно-технической информации в легкой промышленности. 13-16 декабря 1968 г. |
| 710 | 1 | 2 |
_a"Основные направления развития научно-технической информации в легкой промышленности", всесоюзная научно-техническая конференция _eМосква _f1968 _9445949 _3RU\NLR\AUTH\880390140 |
| 801 | 0 |
_aRU _bNLR _gpsbo |
|
| 801 | 1 |
_aRU _bELAR _2rusmarc |
|
| 852 |
_aNLR _j69-5/5292 |
||
| 942 | _cBOOK | ||
| 980 | _aNB | ||